| 000 | 00434nam a22001577a 4500 | ||
|---|---|---|---|
| 999 |
_c61380 _d61380 |
||
| 005 | 20240304111357.0 | ||
| 008 | 240304s1996 tu ||||| |||| 00| 0 tur d | ||
| 041 | _atur | ||
| 080 | _a008(560) K-75 | ||
| 100 |
_aKormaz, Zeynep _921305 |
||
| 245 |
_aTurk Kulturu Arastirmalari / _cZeynep Korkmaz. |
||
| 264 |
_aAnkara, _c1996. |
||
| 300 |
_a420 p. _b24 cm. |
||
| 653 | _aთურქული კულტურა | ||
| 942 |
_2udc _cBK |
||